| 000 | 00673nam a2200217Ia 4500 | ||
|---|---|---|---|
| 005 | 20250508170220.0 | ||
| 008 | 008 250505s9999 xx 000 0 eng d | ||
| 020 | _a81-85983-26-7 | ||
| 037 | _aTextual | ||
| 040 |
_aFEDL _beng _cFEDL |
||
| 041 |
_aeng _2eng |
||
| 084 |
_a294, BHA _qFEDL |
||
| 100 |
_aBhatia Ravi P Ed. _9607996 |
||
| 245 | 0 | _aReligious plurality, Gandhian thought and environmental issues | |
| 260 |
_aNew Delhi, India _bIMH _c2012 |
||
| 300 | _axxii, 304p. | ||
| 365 |
_aINR _b480 |
||
| 546 | _aAcc. No. 87674 is gifted by Author and 93838 is gifted by Prof. Salaja Chennat | ||
| 942 |
_cTEXL _h294, BHA |
||
| 999 |
_c1399837 _d1399837 |
||